| 000 | 00524nam a2200229Ia 4500 | ||
|---|---|---|---|
| 008 | 210210b2014 xxu||||| |||| 00| 0 eng d | ||
| 020 | _a9789350845370 | ||
| 041 | _aeng | ||
| 082 | _a006.76 SISB | ||
| 100 | _aSISODIA (Vishvajeet) | ||
| 245 | _aBasic of web design HTML CSS3 | ||
| 260 |
_aNew Delhi _bCentrum Press _c2014 |
||
| 300 | _aviii,298 | ||
| 650 | _aweb | ||
| 650 | _aof | ||
| 650 | _aHTML | ||
| 650 | _adesign | ||
| 650 | _aCSS3 | ||
| 650 | _aBasic | ||
| 690 | _aComputer Science | ||
| 906 | _a069124 | ||
| 999 |
_c153237 _d153237 |
||